000 00289nam a22001337a 4500
082 _a158
_bFOR/D
100 _aFOROUX, DARIUS
245 _aDO IT TODAY
246 _aDO IT TODAY
_bDO IT TODAY
260 _aNEW DELHI
_bPENGUIN
_c2025
300 _a142
650 _aMOTIVATIONAL
942 _cBK
999 _c9174
_d9174